| 000 | 00516nam a22001817a 4500 | ||
|---|---|---|---|
| 005 | 20251108165915.0 | ||
| 008 | 250721s1983 xx 000 0 ara d | ||
| 082 | 1 | 4 | _aق/كار |
| 100 | 1 | _aكاربوف، فلاديمير | |
| 245 | 1 | 0 |
_aمطلوب حيا : _bرواية / |
| 264 | 1 |
_aطقشند : _bدار رادوغا، _c1983. |
|
| 300 | _a598ص | ||
| 650 | 1 | 7 | _aأدب الأطفال |
| 650 | 1 | 7 | _aالأدب العربي |
| 700 | 1 |
_aيحيى، أحمد _eترجمة |
|
| 942 |
_2ddc _cBK |
||
| 999 |
_c34458 _d34458 |
||